000 01187nam0a22002891 4500
001 rc\3316331
005 20130115150658.1
021 _aRU
_b71-86316
021 _aRU
_bРг4229-72
035 _a(NLR Aleph) 007417446
090 _a6880293
_c6880293
100 _a20130115d1971 |||y0rusy50 ca
101 0 _arus
102 _aRU
105 _aa z |||||
200 1 _aТочность математического моделирования при управлении эксплуатацией электрических систем
_fМ-во высш. и сред. спец. образ. РСФСР. Иркут. политехн. ин-т
210 _aИркутск
_cБ. и.
_d1971
215 _a62 с.
_cил.
_d20
300 _aНа обороте тит. л. авт.: канд. техн. наук, доц. В.И. Идельчик
320 _aБиблиогр.: с. 51-53
700 1 _aИдельчик
_bВ. И.
_gВиталий Исаакович
712 0 2 _aИркутский политехнический институт
_3RU\NLR\AUTH\889933239
801 0 _aRU
_bNLR
_gpsbo
801 1 _aRU
_bELAR
_2rusmarc
852 _aNLR
_j72-4/5536
942 _cBOOK
980 _aNB